[Event "Verbandsliga 2019-20"]
[Site "MVP"]
[Date "2020.03.01"]
[Round "7.5"]
[White "Helms, Sven"]
[Black "Streit, Bodo"]
[Result "1/2-1/2"]
[WhiteElo "1962"]
[BlackElo "1872"]
[PlyCount "72"]
[EventDate "2019.09.29"]
[EventType "team-tourn"]
[EventRounds "9"]
[WhiteTeam "SF Schwerin II"]
[BlackTeam "BW Grevesmuehlen"]
[WhiteTeamCountry "GER"]
[BlackTeamCountry "GER"]

1. e4 e5 2. Nf3 Nc6 3. Bc4 Bc5 4. O-O d6 5. h3 Nf6 6. d3 h6 7. c3 O-O 8. b4 Bb6
9. a4 a5 10. b5 Ne7 11. Be3 Bxe3 12. fxe3 Ng6 13. Qe2 Qe7 14. Nbd2 Be6 15. Rae1
Qd7 16. Bxe6 Qxe6 17. c4 b6 18. Qf2 Nd7 19. Nh4 Nxh4 20. Qxh4 Nc5 21. d4 Nd3
22. Re2 Rae8 23. Rf5 g5 24. Qg4 Qg6 25. Nf3 f6 26. Rd2 Nb4 27. dxe5 dxe5 28.
Rd7 Rf7 29. Rxf7 Qxf7 30. h4 h5 31. Qg3 g4 32. Ng5 Qe7 33. Nh3 Qf7 34. Ng5 Qe7
35. Nf3 Qf7 36. Ng5 Qe7 1/2-1/2

[Event "Verbandsliga 2019-20"]
[Site "MVP"]
[Date "2020.03.01"]
[Round "7.6"]
[White "Piske, Thomas"]
[Black "Kutschke, Peter"]
[Result "0-1"]
[WhiteElo "1944"]
[BlackElo "1993"]
[PlyCount "96"]
[EventDate "2019.09.29"]
[EventType "team-tourn"]
[EventRounds "9"]
[WhiteTeam "BW Grevesmuehlen"]
[BlackTeam "SF Schwerin II"]
[WhiteTeamCountry "GER"]
[BlackTeamCountry "GER"]

1. e4 d5 2. exd5 Nf6 3. Bb5+ Bd7 4. Bc4 Bg4 5. Nf3 Nxd5 6. Nc3 c6 7. d4 e6 8.
Nxd5 cxd5 9. Be2 Nc6 10. c3 Bd6 11. h3 Bh5 12. O-O O-O 13. Ne1 Bg6 14. Bd3 a6
15. f4 b5 16. a3 Qb6 17. f5 exf5 18. Bxf5 Rad8 19. Nd3 a5 20. Bg5 f6 21. Bxg6
hxg6 22. Bf4 Ne5 23. Kh1 Nc4 24. Qf3 Bxf4 25. Qxf4 g5 26. Qf5 Ne3 27. Qf3 Nxf1
28. Rxf1 Rfe8 29. Re1 Rxe1+ 30. Nxe1 Qe6 31. Nd3 Qe4 32. Qxe4 dxe4 33. Nc5 e3
34. Kg1 b4 35. axb4 axb4 36. Kf1 f5 37. Ke2 f4 38. Ne6 Ra8 39. Nxg5 Ra2 40.
cxb4 Rxb2+ 41. Kf1 Rxb4 42. Ne6 Rb2 43. Ke1 Rf2 44. d5 Kf7 45. Ng5+ Ke7 46. h4
Rxg2 47. Kf1 Rxg5 48. hxg5 Kd6 0-1

[Event "Verbandsliga 2019-20"]
[Site "MVP"]
[Date "2020.03.01"]
[Round "7.7"]
[White "Pamperin, Gerhard"]
[Black "Haase, Sebastian"]
[Result "1/2-1/2"]
[WhiteElo "1918"]
[BlackElo "1857"]
[PlyCount "55"]
[EventDate "2019.09.29"]
[EventType "team-tourn"]
[EventRounds "9"]
[WhiteTeam "SF Schwerin II"]
[BlackTeam "BW Grevesmuehlen"]
[WhiteTeamCountry "GER"]
[BlackTeamCountry "GER"]

1. d4 Nf6 2. Nf3 g6 3. c4 Bg7 4. Nc3 d6 5. e3 O-O 6. Be2 Nbd7 7. h3 e5 8. dxe5
Nxe5 9. O-O Be6 10. Nxe5 dxe5 11. e4 c6 12. Be3 Qc7 13. Qc2 Rfd8 14. b4 b5 15.
c5 a5 16. a3 a4 17. Rad1 Rxd1 18. Bxd1 Rd8 19. Qb1 Bc4 20. Re1 Rd7 21. Bc2 Nh5
22. Rd1 Nf4 23. Rxd7 Qxd7 24. Qd1 Qxd1+ 25. Bxd1 Ne6 26. f3 Nd4 27. Kf2 f5 28.
g3 1/2-1/2

[Event "Verbandsliga 2019-20"]
[Site "MVP"]
[Date "2020.03.01"]
[Round "7.8"]
[White "Wulff, Jens-Peter"]
[Black "Schmidt, Arne"]
[Result "1-0"]
[WhiteElo "1801"]
[BlackElo "1674"]
[PlyCount "53"]
[EventDate "2019.09.29"]
[EventType "team-tourn"]
[EventRounds "9"]
[WhiteTeam "BW Grevesmuehlen"]
[BlackTeam "SF Schwerin II"]
[WhiteTeamCountry "GER"]
[BlackTeamCountry "GER"]

1. d4 Nf6 2. Nf3 e6 3. Bf4 b6 4. e3 Be7 5. Bd3 Bb7 6. Nbd2 O-O 7. e4 d5 8. e5
Ne4 9. h4 c5 10. Ng5 Nxg5 11. hxg5 g6 12. Qg4 Kg7 13. Rh6 Rh8 14. Nf3 Nc6 15.
Ke2 c4 16. Bxg6 hxg6 17. Rah1 Rxh6 18. gxh6+ Kh7 19. c3 b5 20. Bg5 Qg8 21. Qf4
Rf8 22. Bxe7 f5 23. Ng5+ Kh8 24. Bf6+ Rxf6 25. exf6 e5 26. dxe5 d4 27. e6 1-0

[Event "Verbandsliga 2019-20"]
[Site "MVP"]
[Date "2020.03.01"]
[Round "7.1"]
[White "Stoevesand, Peter"]
[Black "Lange, Jannis"]
[Result "1/2-1/2"]
[WhiteElo "1754"]
[BlackElo "2083"]
[PlyCount "116"]
[EventDate "2019.09.29"]
[EventType "team-tourn"]
[EventRounds "9"]
[WhiteTeam "SG Neubrandenburg"]
[BlackTeam "Greifswalder SV II"]
[WhiteTeamCountry "GER"]
[BlackTeamCountry "GER"]

1. e4 c5 2. Nf3 Nc6 3. d4 cxd4 4. Nxd4 Nf6 5. Nc3 e5 6. Ndb5 d6 7. Bg5 a6 8.
Na3 b5 9. Nd5 Be7 10. Bxf6 Bxf6 11. c3 Bg5 12. Nc2 Rb8 13. Bd3 O-O 14. Nce3
Bxe3 15. Nxe3 Ne7 16. Qd2 f5 17. Nxf5 Nxf5 18. exf5 Bb7 19. Rg1 e4 20. Bc2 Rxf5
21. O-O-O Rf6 22. Rge1 b4 23. c4 Qf8 24. Re2 a5 25. Qd4 Kh8 26. Rdd2 Rc8 27.
Bxe4 Rf4 28. Kb1 Qf7 29. b3 Bxe4+ 30. Rxe4 Rxe4 31. Qxe4 Re8 32. Qd3 Re1+ 33.
Kc2 Qf6 34. Re2 Rxe2+ 35. Qxe2 Qg6+ 36. Kc1 h6 37. f3 Qg5+ 38. Kc2 Qg6+ 39. Kd2
Qg5+ 40. Ke1 Qg6 41. Kf2 Qg5 42. g3 Qg6 43. Kg2 Kg8 44. Qe4 Qf6 45. Qa8+ Kh7
46. Qxa5 Qb2+ 47. Kh3 Qe2 48. f4 Qe6+ 49. f5 Qe2 50. Qb6 Qf1+ 51. Kg4 Qe2+ 52.
Kf4 Qe5+ 53. Kf3 Qxf5+ 54. Ke2 Qc2+ 55. Ke3 Qc3+ 56. Kf2 Qc2+ 57. Kg1 Qb1+ 58.
Kg2 Qxa2+ 1/2-1/2

[Event "Verbandsliga 2019-20"]
[Site "MVP"]
[Date "2020.03.01"]
[Round "7.2"]
[White "Woll, Wilfried"]
[Black "Kunow, Frank"]
[Result "1/2-1/2"]
[WhiteElo "2007"]
[BlackElo "1926"]
[PlyCount "37"]
[EventDate "2019.09.29"]
[EventType "team-tourn"]
[EventRounds "9"]
[WhiteTeam "Greifswalder SV II"]
[BlackTeam "SG Neubrandenburg"]
[WhiteTeamCountry "GER"]
[BlackTeamCountry "GER"]

1. c4 e5 2. g3 Nf6 3. Bg2 d5 4. cxd5 Nxd5 5. Nc3 Nb6 6. Nf3 Nc6 7. O-O Be7 8.
d3 O-O 9. Be3 Be6 10. Na4 Nd5 11. Bc5 f6 12. Nd2 Rb8 13. Ne4 b6 14. Bxe7 Ncxe7
15. a3 c5 16. Nac3 Nxc3 17. bxc3 Bd5 18. a4 f5 19. Nd2 1/2-1/2

[Event "Verbandsliga 2019-20"]
[Site "MVP"]
[Date "2020.03.01"]
[Round "7.3"]
[White "Schulz, Daniel"]
[Black "Mildner, Jens"]
[Result "1/2-1/2"]
[WhiteElo "1817"]
[BlackElo "2107"]
[PlyCount "85"]
[EventDate "2019.09.29"]
[EventType "team-tourn"]
[EventRounds "9"]
[WhiteTeam "SG Neubrandenburg"]
[BlackTeam "Greifswalder SV II"]
[WhiteTeamCountry "GER"]
[BlackTeamCountry "GER"]

1. e4 c5 2. c3 e6 3. d4 cxd4 4. cxd4 d5 5. e5 Nc6 6. Nf3 Qb6 7. Be2 Bd7 8. O-O
Nge7 9. Na3 Nf5 10. Nc2 Rc8 11. b3 a5 12. h3 Be7 13. Kh2 Nb4 14. Ne3 Bb5 15.
Nxf5 exf5 16. Bxb5+ Qxb5 17. Bg5 Bxg5 18. Nxg5 h6 19. Nf3 O-O 20. Nh4 Qd7 21.
Qh5 f4 22. Nf5 Kh7 23. Qg4 g6 24. Nxh6 Qe7 25. Qxf4 g5 26. Nf5 gxf4 27. Nxe7
Rc2 28. a3 Nd3 29. Nxd5 f3 30. g4 Rd8 31. Nf6+ Kg6 32. Kg3 Rxd4 33. Nh5 Nxe5
34. Rac1 Rxc1 35. Rxc1 f6 36. Nf4+ Rxf4 37. Rc7 Rd4 38. Rxb7 a4 39. bxa4 Rxa4
40. Rb3 Kg7 41. Rb7+ Kg6 42. Rb3 Kg7 43. Rb7+ 1/2-1/2

[Event "Verbandsliga 2019-20"]
[Site "MVP"]
[Date "2020.03.01"]
[Round "7.4"]
[White "Schwahn, Christian"]
[Black "Pruesse, Horst"]
[Result "1-0"]
[WhiteElo "1973"]
[BlackElo "2044"]
[PlyCount "73"]
[EventDate "2019.09.29"]
[EventType "team-tourn"]
[EventRounds "9"]
[WhiteTeam "Greifswalder SV II"]
[BlackTeam "SG Neubrandenburg"]
[WhiteTeamCountry "GER"]
[BlackTeamCountry "GER"]

1. d4 Nf6 2. Nf3 e6 3. g3 c5 4. Bg2 Nc6 5. O-O d5 6. Na3 Qb6 7. e3 c4 8. b3 Qa6
9. Nb1 cxb3 10. cxb3 Bd7 11. Nc3 Rc8 12. Bb2 Bd6 13. e4 dxe4 14. Ng5 Nb4 15.
Ngxe4 Nxe4 16. Nxe4 Bf8 17. Nc5 Bxc5 18. dxc5 Bb5 19. Qg4 Bxf1 20. Bxf1 Qa5 21.
Qxg7 Rf8 22. a4 Nc6 23. Bb5 Qd2 24. Bf6 Kd7 25. Bg5 Qd5 26. Bf4 Rce8 27. Bd6
Kc8 28. Bxf8 Nd4 29. Bxe8 Nf3+ 30. Kf1 Nxh2+ 31. Ke2 Qe4+ 32. Kd1 Qd3+ 33. Kc1
Nf3 34. Bd7+ Qxd7 35. Bd6 b6 36. Qf8+ Kb7 37. Qe7 1-0

[Event "Verbandsliga 2019-20"]
[Site "MVP"]
[Date "2020.03.01"]
[Round "7.5"]
[White "Hoerhold, Martin"]
[Black "Sowada, Christoph"]
[Result "1/2-1/2"]
[WhiteElo "1828"]
[BlackElo "1952"]
[PlyCount "36"]
[EventDate "2019.09.29"]
[EventType "team-tourn"]
[EventRounds "9"]
[WhiteTeam "SG Neubrandenburg"]
[BlackTeam "Greifswalder SV II"]
[WhiteTeamCountry "GER"]
[BlackTeamCountry "GER"]

1. d4 f5 2. c4 d6 3. Nf3 g6 4. g3 Bg7 5. Bg2 c6 6. Nc3 Nh6 7. O-O O-O 8. Qc2
Qc7 9. d5 Nf7 10. Bd2 e5 11. dxe6 Bxe6 12. b3 Nd7 13. Rac1 Rad8 14. Rfd1 Rfe8
15. Be3 Nf6 16. Ng5 Ng4 17. Nxe6 Rxe6 18. Bd4 Bh6 1/2-1/2

[Event "Verbandsliga 2019-20"]
[Site "MVP"]
[Date "2020.03.01"]
[Round "7.7"]
[White "Baier, Karsten"]
[Black "Grehl, Tino"]
[Result "1/2-1/2"]
[WhiteElo "1984"]
[BlackElo "1994"]
[PlyCount "69"]
[EventDate "2019.09.29"]
[EventType "team-tourn"]
[EventRounds "9"]
[WhiteTeam "SG Neubrandenburg"]
[BlackTeam "Greifswalder SV II"]
[WhiteTeamCountry "GER"]
[BlackTeamCountry "GER"]

1. d4 d5 2. Nf3 Nf6 3. c4 e6 4. Bg5 Be7 5. e3 O-O 6. Nc3 Ne4 7. Bxe7 Qxe7 8. c5
Nxc3 9. bxc3 Nd7 10. Bd3 c6 11. Qc2 h6 12. O-O e5 13. e4 dxe4 14. Bxe4 Qf6 15.
Rfe1 Kh8 16. Re3 Re8 17. Rae1 exd4 18. cxd4 Nf8 19. Ne5 Ne6 20. Qc4 Ng5 21. Bc2
Be6 22. Qd3 Qf4 23. Nf3 g6 24. Nxg5 Qxg5 25. Bb3 Rad8 26. Bxe6 Rxe6 27. Rxe6
fxe6 28. Qe4 Re8 29. h4 Qf5 30. Qe3 Kg7 31. Qg3 Re7 32. Kh2 Qf6 33. h5 Qg5 34.
hxg6 Qxg3+ 35. Kxg3 1/2-1/2